000 00952 a2200229 4500
005 20190723025024.0
008 190722s2013 ck ||||| |||| 00| 0 spa d
020 _a9789587690521
020 _a77073496213546
040 _aCO-BoUCM
_bspa
_cSaul Niño (Modificó)
_dSaul Niño (Modificó)
041 0 _aspa
100 1 0 _aSousa, Marcelo Rebelo de
_d1948-
_997733
245 1 0 _aDerecho administrativo general
_bintroducción y principios fundamentales
_cMarcelo Rebelo de Sousa, André Salgado de Matos ; traducción del portugués Martha Esperanza Ramos de Echandía
260 _aBogotá (Colombia)
_bLeyer
_c2013
300 _a270 páginas
650 7 _912695
_aDerecho administrativo
650 7 _97498
_aDerecho internacional público
700 1 0 _aMatos, André Salgado de
_997734
700 1 0 _aRamos de Echandía Martha Esperanza
_etraductor
_997735
942 _cLIBRO
_2DEWEY
_a21
_e1
_h342.06
_mS725d
999 _c313914
_d313914